| 000 | 00717nam a2200229 a 4500 | ||
|---|---|---|---|
| 001 | 41017 | ||
| 003 | BD-RjUL | ||
| 005 | 20211209053320.0 | ||
| 008 | 160514s1968 bg ||||| |||| 00| 0 ben d | ||
| 020 | _c: Tk. 8.00 | ||
| 035 | _a(BD-RjUL)41133 | ||
| 040 |
_aBD-RjUL _bben _cBD-RjUL |
||
| 041 | _aben | ||
| 082 |
_223 _aB 891.443 _bSES 1968 |
||
| 100 |
_aসেন, সত্যেন. _9118777 |
||
| 245 |
_aসেয়ানা / _cসত্যেন সেন. |
||
| 260 |
_aঢাকা : _bপ্রকাশ ভবন, _c১৯৬৮ |
||
| 300 |
_a৩১১ পৃ. ; _c২৩ সেমি. |
||
| 650 |
_aবাংলা উপন্যাস _9126223 |
||
| 650 |
_aBengali fiction _9126224 |
||
| 942 |
_2ddc _cBK |
||
| 999 |
_c41017 _d41017 |
||